Zjemnenie konjunkcie v SQL dopytoch bakalárska práca

Saved in:
Bibliographic Details
Main Author: Kubišová, Soňa
Corporate Author: Fakulta hospodárskej informatiky EU. Katedra aplikovanej informatiky
Other Authors: Hudec, Miroslav, 1969-
Format: Book
Language:Slovak
Published: Bratislava 2020
Tags: Add Tag
No Tags, Be the first to tag this record!

MARC

LEADER 00000nbm a2200000 4500
001 0264682
005 20210510105626.6
041 0 |a slo 
044 |a SK 
245 1 0 |a Zjemnenie konjunkcie v SQL dopytoch  |b bakalárska práca  |c Soňa Kubišová ; školiteľ: Miroslav Hudec 
264 1 |a Bratislava  |c 2020 
300 |a 50 s. 
100 1 |a Kubišová, Soňa 
700 1 |a Hudec, Miroslav, 1969- 
710 2 |a Fakulta hospodárskej informatiky EU. Katedra aplikovanej informatiky